[Event "Saarland-ch A 89th"]
[Site "Stennweiler"]
[Date "2014.04.16"]
[Round "6"]
[White "Passeier, Helmut"]
[Black "Lue, Youheng"]
[Result "1-0"]
[WhiteElo "1804"]
[BlackElo "1636"]
[PlyCount "73"]
[EventDate "2014.04.11"]
[EventType "swiss"]
[EventRounds "9"]
[EventCountry "GER"]
[SourceTitle "EXT 2016"]
[Source "ChessBase"]
[SourceDate "2015.10.08"]
[SourceVersion "1"]
[SourceVersionDate "2015.10.08"]
[SourceQuality "1"]

1. c4 e5 2. Nc3 Nf6 3. g3 Bc5 4. Bg2 Nc6 5. e3 d6 6. a3 Bb6 7. Nge2 Be6 8. Nd5 Qd7 9. Nec3 0-0-0 10. b4 Bh3 11. Nxf6 gxf6 12. Qf3 Rhg8 13. Bxh3 Qxh3 14. Bb2 f5 15. Nd5 Rge8 16. a4 a5 17. b5 e4 18. Qe2 Ne5 19. Bxe5 dxe5 20. 0-0-0 Qh6 21. d3 Bc5 22. Kb2 Qd6 23. dxe4 fxe4 24. Qg4+ Rd7 25. Nf6 Bd4+ 26. Rxd4 exd4 27. Qxd7+ Qxd7 28. Nxd7 dxe3 29. fxe3 Kxd7 30. Rf1 Ke6 31. Rd1 Re7 32. c5 Kf5 33. h3 f6 34. Kc3 Rg7 35. g4+ Kg5 36. c6 b6 37. Rd7 1-0

[Event "Saarland-ch A 89th"]
[Site "Stennweiler"]
[Date "2014.04.13"]
[Round "3"]
[White "Lue, Youheng"]
[Black "Trumm, Achim"]
[Result "1-0"]
[WhiteElo "1636"]
[BlackElo "1718"]
[PlyCount "47"]
[EventDate "2014.04.11"]
[EventType "swiss"]
[EventRounds "9"]
[EventCountry "GER"]
[SourceTitle "EXT 2016"]
[Source "ChessBase"]
[SourceDate "2015.10.08"]
[SourceVersion "1"]
[SourceVersionDate "2015.10.08"]
[SourceQuality "1"]

1. e4 d5 2. exd5 Qxd5 3. Nc3 Qa5 4. d4 c6 5. Nf3 Nf6 6. Bd2 Bg4 7. Bc4 e6 8. h3 Bh5 9. Qe2 Qd8 10. 0-0-0 Nd5 11. Qe5 Bg6 12. Rhe1 Nd7 13. Qg3 N7b6 14. Bb3 Nxc3 15. bxc3 Be7 16. Ne5 0-0 17. Qh2 a5 18. a4 Qd6 19. Bf4 Qa3+ 20. Kd2 Bf6 21. Nxg6 hxg6 22. Bd6 Bg5+ 23. Kd3 Qb2 24. Rb1 1-0

[Event "Saarland-ch A 89th"]
[Site "Stennweiler"]
[Date "2014.04.12"]
[Round "2"]
[White "Welter, Bernhard"]
[Black "Lue, Youheng"]
[Result "1-0"]
[WhiteElo "1705"]
[BlackElo "1636"]
[PlyCount "83"]
[EventDate "2014.04.11"]
[EventType "swiss"]
[EventRounds "9"]
[EventCountry "GER"]
[SourceTitle "EXT 2016"]
[Source "ChessBase"]
[SourceDate "2015.10.08"]
[SourceVersion "1"]
[SourceVersionDate "2015.10.08"]
[SourceQuality "1"]

1. e4 e5 2. Nf3 Nc6 3. Bb5 a6 4. Ba4 Nf6 5. 0-0 Bc5 6. d3 d6 7. h3 0-0 8. Bg5 b5 9. Bb3 Nd4 10. Nxd4 Bxd4 11. c3 Bb6 12. Bd5 Rb8 13. Qf3 Bb7 14. Bxf6 Qxf6 15. Qxf6 gxf6 16. Bxb7 Rxb7 17. Nd2 Rd8 18. Nf3 c6 19. Rfd1 d5 20. Rd2 Rbd7 21. Rad1 Kf8 22. Kf1 Ke7 23. Ke2 Ke6 24. g4 d4 25. Rc2 dxc3 26. Rxc3 c5 27. b3 Kd6 28. Nh4 Kc6 29. Nf5 Ba5 30. Rc2 Bb4 31. Ne3 Rd4 32. Nd5 a5 33. Rg1 a4 34. Rg3 R4xd5 35. exd5+ Kxd5 36. Rf3 e4 37. dxe4+ Ke5 38. bxa4 bxa4 39. a3 Rd4 40. axb4 cxb4 41. Rf5+ Kxe4 42. f3# 1-0

[Event "Saarland-ch C 85th"]
[Site "Homburg"]
[Date "2010.04.01"]
[Round "7"]
[White "Lue, Youheng"]
[Black "Mueller, Max Ferdinand"]
[Result "0-1"]
[WhiteElo "992"]
[BlackElo "1198"]
[PlyCount "62"]
[EventDate "2010.03.28"]
[EventType "swiss"]
[EventRounds "9"]
[EventCountry "GER"]
[SourceTitle "EXT 2011"]
[Source "ChessBase"]
[SourceDate "2010.11.26"]
[SourceVersion "1"]
[SourceVersionDate "2010.11.26"]
[SourceQuality "1"]

1. e4 c5 2. Nf3 d6 3. Bc4 Nc6 4. 0-0 Nf6 5. d3 Bg4 6. Bg5 e6 7. c3 Qb6 8. Qb3 Qxb3 9. Bxb3 Bxf3 10. Bxf6 gxf6 11. gxf3 Ne5 12. Rd1 Rg8+ 13. Kh1 Nxf3 14. d4 cxd4 15. cxd4 Bh6 16. Nc3 a6 17. d5 e5 18. Rd3 Nd4 19. Nd1 Ke7 20. Ne3 Bxe3 21. Rxe3 Rg7 22. Rc1 f5 23. Rc7+ Kf6 24. Rxb7 f4 25. Rd3 Rag8 26. h4 Rg1+ 27. Kh2 R8g2+ 28. Kh3 f3 29. Rd1 Ne2 30. h5 Nf4+ 31. Kh4 Rh2# 0-1

[Event "Saarland-ch C 85th"]
[Site "Homburg"]
[Date "2010.03.31"]
[Round "6"]
[White "Wilhelm, Axel"]
[Black "Lue, Youheng"]
[Result "1/2-1/2"]
[WhiteElo "1318"]
[BlackElo "992"]
[PlyCount "110"]
[EventDate "2010.03.28"]
[EventType "swiss"]
[EventRounds "9"]
[EventCountry "GER"]
[SourceTitle "EXT 2011"]
[Source "ChessBase"]
[SourceDate "2010.11.26"]
[SourceVersion "1"]
[SourceVersionDate "2010.11.26"]
[SourceQuality "1"]

1. e4 e5 2. Nf3 Nc6 3. Bb5 d6 4. Nc3 Nf6 5. d4 Bd7 6. Bxc6 Bxc6 7. d5 Bd7 8. Ne2 Be7 9. Ng3 Bg4 10. h3 Bxf3 11. Qxf3 Qd7 12. 0-0 0-0-0 13. Be3 a6 14. a4 c6 15. c4 c5 16. a5 Rhf8 17. Rfb1 h6 18. b4 Nh7 19. bxc5 dxc5 20. Rb6 Qc7 21. Bc1 Rd6 22. Rb2 Kb8 23. Bd2 Ng5 24. Qb3 Ka8 25. Rab1 Rb8 26. Bc3 Bf6 27. Nf5 Rd7 28. Qa4 Qc8 29. Rb6 Nxe4 30. Ba1 Qc7 31. f3 Nd6 32. Ng3 Nc8 33. R6b3 Bd8 34. Bxe5 Nd6 35. Nf5 Be7 36. Rb6 f6 37. Bg3 Qd8 38. Nxg7 Rc8 39. Ne6 Qe8 40. Qb3 Qf7 41. Kf2 f5 42. Qa4 Bf8 43. Kg1 Qe7 44. Bf2 Bg7 45. Re1 Qf7 46. Bxc5 Rxc5 47. Nxc5 Bd4+ 48. Kf1 Bxc5 49. Rb2 Re7 50. Reb1 Qf6 51. Qd1 Qd4 52. Qxd4 Bxd4 53. Rc2 Rc7 54. Rd1 Be3 55. Re1 f4 1/2-1/2

[Event "Saarland-ch C 85th"]
[Site "Homburg"]
[Date "2010.03.29"]
[Round "4"]
[White "Lue, Youheng"]
[Black "Decker, Andre"]
[Result "1/2-1/2"]
[WhiteElo "992"]
[BlackElo "1290"]
[PlyCount "94"]
[EventDate "2010.03.28"]
[EventType "swiss"]
[EventRounds "9"]
[EventCountry "GER"]
[SourceTitle "EXT 2011"]
[Source "ChessBase"]
[SourceDate "2010.11.26"]
[SourceVersion "1"]
[SourceVersionDate "2010.11.26"]
[SourceQuality "1"]

1. e4 e5 2. Nf3 Nc6 3. Bc4 Bc5 4. Nc3 Nf6 5. d3 0-0 6. Bg5 Be7 7. 0-0 d6 8. Bxf6 Bxf6 9. Nd5 Bg4 10. c3 a6 11. Ne3 Bxf3 12. Qxf3 Rb8 13. Ng4 Kh8 14. Nxf6 Qxf6 15. Qxf6 gxf6 16. f4 Na5 17. b3 Nxc4 18. bxc4 b6 19. d4 c5 20. fxe5 fxe5 21. dxe5 dxe5 22. Rf5 f6 23. Rd1 Kg7 24. Rd7+ Kg6 25. h4 Rbd8 26. h5+ Kh6 27. Rxd8 Rxd8 28. Rxf6+ Kxh5 29. Rxb6 Rd3 30. Re6 Rxc3 31. Rxe5+ Kg6 32. Rxc5 Ra3 33. Rc6+ Kf7 34. e5 Rxa2 35. c5 Re2 36. Rxa6 Rxe5 37. c6 Rc5 38. Kf2 h6 39. Ra7+ Ke8 40. c7 Kd7 41. g3 Rxc7 42. Rxc7+ Kxc7 43. Kf3 Kd6 44. Kg4 Ke5 45. Kh5 Kf5 46. g4+ Kf4 47. Kxh6 Kxg4 1/2-1/2

[Event "Saarland-ch C 85th"]
[Site "Homburg"]
[Date "2010.03.28"]
[Round "3"]
[White "Lue, Youheng"]
[Black "Mueller, Sieglinde"]
[Result "1-0"]
[WhiteElo "992"]
[BlackElo "1039"]
[PlyCount "81"]
[EventDate "2010.03.28"]
[EventType "swiss"]
[EventRounds "9"]
[EventCountry "GER"]
[SourceTitle "EXT 2011"]
[Source "ChessBase"]
[SourceDate "2010.11.26"]
[SourceVersion "1"]
[SourceVersionDate "2010.11.26"]
[SourceQuality "1"]

1. e4 c5 2. Nf3 Nc6 3. Bc4 d6 4. Nc3 Nf6 5. d3 g6 6. Bf4 Bg7 7. 0-0 0-0 8. Qd2 Na5 9. Bh6 Nxc4 10. dxc4 Be6 11. b3 Ng4 12. Bxg7 Kxg7 13. Nd5 Nf6 14. Nxf6 exf6 15. Rfd1 Qd7 16. Qxd6 Qxd6 17. Rxd6 Rfd8 18. Rad1 Rdc8 19. h3 f5 20. Ng5 fxe4 21. Nxe6+ fxe6 22. Rxe6 Re8 23. Rd7+ Kh6 24. Rxe8 Rxe8 25. Kf1 e3 26. Ke2 exf2+ 27. Kxf2 Rb8 28. Rc7 Rf8+ 29. Kg3 Rf1 30. Rxb7 Rc1 31. Rxa7 Rxc2 32. Kh2 g5 33. a4 Rb2 34. Rb7 Rb1 35. a5 Ra1 36. Rb5 Kh5 37. Rxc5 h6 38. b4 Ra4 39. Rb5 Kh4 40. c5 h5 41. g3# 1-0